Normal view
MARC view
- EMBA - Thesis
Entry Topical Term
Number of records used in: 125
001 - CONTROL NUMBER
- control field: 17645
003 - CONTROL NUMBER IDENTIFIER
- control field: NUST
005 - DATE AND TIME OF LATEST TRANSACTION
- control field: 20190715060556.0
008 - FIXED-LENGTH DATA ELEMENTS
- fixed length control field: 190715|| aca||aabn | a|a d
040 ## - CATALOGING SOURCE
- Original cataloging agency: NUST
- Transcribing agency: NUST
150 ## - HEADING--TOPICAL TERM
- Topical term or geographic name entry element: EMBA - Thesis
670 ## - SOURCE DATA FOUND
- Source citation: Work cat.: (NUST): Abbasi, Shiraz Ahmad 17644, BTL Communication Strategies of Engro Foods Limited (Dairy Segment) /, 2016.
